000 01408nam a2200313 a 4500
001 BRCA_3135
005 20190320204128.0
008 050209s1864----fr-#---###---#000-0dfre-u
041 _afre
044 _afr
084 _a438
_b.H34
_c1864
100 1 _aCervantes Saavedra, Miguel de
_d1547-1616
_9213
245 1 0 _aL´Ingenieux Hidalgo Don Quichotte de la Manche
_cpar Miguel de Cervantes Saavedra.
260 _aParís
_bL. Hachette
_c1864
300 _a2 v.
_c18 cm.
500 _aContenido : v 1. Primera parte. Noticia sobre la vida y obra de Cervantes por Louis Viardot. Prólogo del autor. Texto. -- v 2. Segunda parte. Prólogo del autor. Texto
500 _aEdición : Nouvelle edition et annotée par Louis Viardot. Publication de Ch. Lahure
500 _aReproducción de la famosa traducción de Viardot. Sin ilustraciones. La parte tipográfica esmerada y el papel regular. Semipiel; lomos decorados con dorados Lúdovik Osterc
500 _aQM364A
546 _aTexto en : francés
650 1 4 _aNovela española
_yÉpoca clásica, 1500-1700
_9215
650 1 4 _aLiteratura española
_yÉpoca clásica, 1500-1700
_9216
650 1 4 _aNovela española
_ySiglo XVII
_9217
650 1 4 _aDon Quijote (Personaje ficticio)
_eNovela
_9218
700 1 _aViardot, Louis
_d1800-1883
_eTraductor
_98496
740 0 _aEl Ingenioso Hidalgo Don Quijote de la Mancha
902 _aQFM
942 _2lcc
_cB
999 _c2871
_d2871